000 00767nam a22002057a 4500
005 20240530110558.0
008 160901s2014 ua f b 000 0 ara d
017 _a13203/2013
_bمصر . دار الكتب المصرية
020 _a9789773191719
040 _aEG-CaGPL
082 0 4 _221
_a343.0998\
_bف م
100 0 _aفتحى حسين عامر
245 1 2 _aالمسئولية القانونية و الاخلاقية للصحفى /
_cفتحى حسين عامر
250 _aط. 1
260 _aالقاهرة :
_bالعربى للنشر و التوزيع ،
_c2014 .
300 _a224 ص. ؛
_c24 سم .
504 _aيشتمل على ارجاعات ببليوجرافية
650 0 4 _aالصحافة
_xقوانين و تشريعات
942 _2ddc
_cBK
999 _c62616
_d62616